000 00327nam a2200145Ia 4500
008 230917s9999||||xx |||||||||||||| ||und||
040 _e39740
_aMAIN
041 _aEnglish
082 _a823.7 S85B
100 _aSewell, Anna
245 0 _aBlack beauty
260 _aLondon
_bCollins
_c1976
300 _a192 p.
942 _cBK
999 _c215481
_d215481